000 00764nam a22002417a 4500
003 UA-OsUOA
001 94242
007 ta
008 20130206b un ||||| |||| 00| 0 ukr d
100 _aТищенко К. М.
090 _a81¦9374.4
_bТ47
942 _cBK
040 _aUA-OsUOA
_bukr
_cUA-OsUOA
_dUA-OsUOA
245 _aІншомовні топоніми України
_bетимологічний словник-посібник
300 _a240 с.
955 _a1
041 _aukr
080 _a81¦9374.4
020 _a978-966-643-496-3
260 _aТернопіль
_bМандрівець
_c2010
650 7 _a8 Мовознавство. Художня література. Літературознавство
_2UDC
999 _c380487
_d380487